Serbian Football Superleague Teams - Statistics

General Stats
  • This quiz has been taken 1,134 times
    155 since last reset
  • The average score is 20 of 41
Answer Stats
Answers % Correct
Crvena Zvezda
99%
Partizan
98%
Rad
89%
Vojvodina
82%
Radnički Niš
80%
Čukarički
74%
OFK Beograd
73%
FK Novi Pazar
71%
TSC Bačka Topola
68%
Radnički Kragujevac
66%
Spartak
66%
Radnik
63%
Mladost Lučani
58%
IMT
57%
Napredak
57%
Voždovac
54%
Javor
52%
Železničar
52%
FK Zemun
44%
Borac
43%
FK Smederevo
41%
Mačva
41%
Sloboda
40%
Jedinstvo
39%
FK Jagodina
38%
Dinamo
36%
Proleter
36%
Mladost GAT Novi Sad
34%
Tekstilac
34%
Bačka
33%
Metalac
32%
FK Inđija
30%
Hajduk
30%
Kolubara
27%
Donji Srem
23%
BSK Borča
21%
Zlatibor
21%
Bežanija
20%
Banat
15%
Mladi radnik
13%
Mladost Apatin
11%
No matching quizzes found
Score Distribution
Percent of People with Each Score
Percentile by Number Answered
Your Score History
You have not taken this quiz since the last reset